Galatasaray Current Squad by Photos (25/26) - Statistics

General Stats
  • This quiz has been taken 94 times
    27 since last reset
  • The average score is 21 of 27
Answer Stats
Picture Hint Answer % Correct
#6 Davinson Sanchez
96%
#20 İlkay Gündoğan
92%
#10 Leroy Sané
92%
#34 Lucas Torreira
92%
#9 Mauro Icardi
92%
#45 Victor Osimhen
88%
#53 Barış Alper Yılmaz
83%
#20 Gabriel Sara
83%
#99 Mario Lemina
83%
#1 Uğurcan Çakır
83%
#42 Abdülkerim Bardakçı
79%
#19 Günay Güvenç
79%
#90 Wilfried Singo
79%
#17 Eren Elmalı
75%
#4 Ismail Jakobs
75%
#23 Kaan Ayhan
75%
#3 Metehan Baltacı
75%
#7 Roland Sallai
75%
#11 Yunus Akgün
75%
#21 Ahmed Kutucu
71%
#91 Arda Ünyay
71%
#88 Kazımcan Karataş
71%
#18 Berkan Kutlu
67%
#12 Batuhan Şen
58%
#30 Yusuf Demir
58%
#70 Enes Emre Büyük
46%
#33 Gökdeniz Gürpüz
42%
No matching quizzes found
Score Distribution
Percent of People with Each Score
Percentile by Number Answered
Your Score History
You have not taken this quiz since the last reset